| 000 | 01334nam a2200325 i 4500 | ||
|---|---|---|---|
| 003 | EG-GICUC | ||
| 005 | 20260125145134.0 | ||
| 008 | 260124s1997 ua ||||fr|||| 00| 0 ara d | ||
| 017 | _a٨٦١٥ / ٩٧ | ||
| 020 | _a977-19-3794 - 4 | ||
| 040 |
_a EG-GICUC _bara _c EG-GICUC _d EG-GICUC _erda |
||
| 041 | 0 | _aara | |
| 082 | 0 | 4 |
_221 _a345.661 _bم ح . و |
| 092 | 0 | 4 | _221 |
| 099 | _aLaw1 07 345.661 م ح . و 1997 | ||
| 100 | 0 |
_aمحمد فؤاد عبد الباسط _eمؤلف. |
|
| 245 | 1 | 0 |
_aوقف تنفيذ القرار الإداري : _bالطابع الإستثنائي لنظام الوقف، محل الوقف وشروطه، حكم الوقف / _cالدكتور محمد فؤاد عبد الباسط. |
| 264 | 1 |
_aالإسكندرية : _bدار الفكر الجامعي، _c1997. |
|
| 300 |
_a846 صفحة؛ _c24 سم. |
||
| 336 |
_2rda content _atext |
||
| 337 |
_2rda media _aComputer |
||
| 338 |
_2rda carrier _aOnline Resource |
||
| 504 | _a841-825ببليوجرافيا: صفحات. | ||
| 546 | _aالنص أغلبه باللغة العربية مع بعض النصوص الفرنسية | ||
| 650 | 1 | 4 | _aوقف تنفيذ القرار الإداري |
| 650 | 1 | 4 | _aالقانون الإداري |
| 856 | 4 | 0 | _uhttps://fll.law.cu.edu.eg/fulltext/bks/B07-03286.pdf |
| 905 | _a32 | ||
| 942 |
_2ddc _cBK _e21 _n0 |
||
| 999 |
_c58819 _d58819 |
||